000 01284nam2a22002531 4500
001 rc\3169428
005 20250530075324.0
035 _a(NLR Aleph) 007307290
090 _a5772920
_c5772920
100 _a20120615d1976 |||y0rusy50 ca
101 0 _arus
102 _aRU
105 _aa z |||||
200 0 _aВып. 3
_f[Под общ. ред. Ю.Н. Кряжевских]. Вып. 3
210 _d1976
_aБ. м.
215 _a100 с.
_cил.
333 _aДСП. Экз. № 165
461 0 _1001rc\3169426
_12001#$aПрактические рекомендации по научной организации труда$eВып. 2-$fМ-во здравоохранения СССР. Клинич. больница № 6. Центр. орг.-метод. отд. Отд-ние НОТ$vВып. 3
_95772902
_cМосква
_d1976-
_fМ-во здравоохранения СССР. Клинич. больница № 6. Центр. орг.-метод. отд. Отд-ние НОТ
_nБ. и.
_oВып. 2-
_tПрактические рекомендации по научной организации труда
_vВып. 3
702 1 _aКряжевских
_bЮ.Н.
_4340
801 0 _aRU
_bNLR
_gpsbo
801 1 _aRU
_bELAR
_2rusmarc
852 _aNLR
_j76-50К/6337
942 _cBOOK
980 _aNB